[Event "Gashimov Memorial 5th"]
[Site "Shamkir"]
[Date "2018.04.22"]
[Round "4"]
[White "Giri, Anish"]
[Black "Ding, Liren"]
[Result "1/2-1/2"]
[WhiteElo "2777"]
[BlackElo "2778"]
[Annotator "Roiz,M"]
[PlyCount "138"]
[EventDate "2018.04.19"]
[EventType "tourn"]
[EventRounds "9"]
[EventCountry "AZE"]
[EventCategory "21"]
[SourceTitle "CBM 184"]
[Source "ChessBase"]
[SourceDate "2018.05.16"]
[SourceVersion "1"]
[SourceVersionDate "2018.05.16"]
[SourceQuality "1"]

1. c4 Nf6 2. Nf3 e6 3. b3 {The side lines like this are gaining some
popularity even on the top level - claiming superiority in the main
theoretical lines is an extremely tough task nowadays.} d5 4. Bb2 c5 5. cxd5
exd5 6. g3 Nc6 7. Bg2 d4 {This is the most principled - Black is seizing lots
of space and locking the long diagonal. The flipside is that Black's d4-pawn
is getting rather vulnerable.} ({In the event of} 7... Be7 8. d4 O-O 9. O-O {
the play might transpose into a well-known theoretical position of the
Tarrasch. Well, having the isolated pawn isn't to everyone's taste.}) 8. O-O
Be7 9. Na3 {The knight is heading to c4 in order to take control over central
squares.} ({Black has nothing to worry about after} 9. e3 O-O 10. exd4 cxd4 11.
Re1 Bg4 $132 {Kurajica,B - Sos Andreu,E Linares 2016}) 9... O-O 10. Nc4 Be6 11.
e3 {Attacking the d4-pawn is White's main idea, so there is no reason for
delaying this break.} ({After} 11. Ng5 Bd5 12. e4 dxe3 13. dxe3 Bxg2 14. Kxg2
h6 {Black was fine in Keres,P-Kotov,A Moscow 1949}) 11... Rc8 12. exd4 $146 {
The most consistent.} ({Deserving of attention is also} 12. Nfe5 $5 Nxe5 (12...
Bd5 $5) 13. Nxe5 dxe3 $6 ({Correct was} 13... Bd5 14. exd4 cxd4 15. Re1 Re8 {
, and Black's position seems solid.}) 14. dxe3 Bd5 15. Bh3 $36 {Black got
under strong pressure in Salaun,Y - Delaunay,S France 2005}) 12... cxd4 13. Re1
Bd5 {GM Ding Liren is reasonably aiming for neutralizing White's light-squared
bishop.} 14. Nce5 ({In case of} 14. Nfe5 $5 Bxg2 15. Kxg2 Re8 16. Nxc6 bxc6 (
16... Rxc6 17. Qf3 $14) 17. Qf3 c5 18. d3 Bf8 {White's position visually looks
preferable, but it's very tough to make a real progress - Black has no real
weaknesses.}) 14... Nxe5 15. Nxe5 ({Hardly better was} 15. Rxe5 Bc5 16. Nh4
Bxg2 17. Kxg2 Qd6 18. Re1 Rfe8 19. Qf3 Qd7 $11) 15... Re8 ({Inaccurate was} 
15... Bxg2 $6 16. Kxg2 Qd5+ 17. Qf3 $14 {and the d4-pawn is in big danger.})
16. Bf3 {A somewhat awkward move.} ({It made sense to swap the rooks by means
of} 16. Rc1 $5 Rxc1 17. Qxc1 Bf8 18. Nf3 Rxe1+ 19. Qxe1 {, but after} Qa5 $1
20. Qa1 Bc5 21. d3 h6 22. Bxd4 Bxd4 23. Nxd4 Qd2 {the activity of queen allows
Black to regain the pawn.}) 16... Bc5 17. Rc1 Qd6 18. Nd3 ({After} 18. Nc4 Qc6
{White has nothing better than} 19. Ne5 {, seeking for repetition.}) 18...
Rxe1+ 19. Nxe1 Re8 {Step by step Black is getting very active.} 20. Nd3 Bb6 21.
Nf4 Bxf3 22. Qxf3 Qd7 {The position is still about equal, but now the passive
Bb2 is a cause of worries.} 23. h4 h6 24. Ng2 $2 {Anish is playing too
passively and inviting serious troubles.} (24. Kg2 Re5 25. Rc4 $11 {would have
maintained the balance.}) 24... Ng4 $1 {Now the weakness of light squares
around White's king starts to tell.} 25. Re1 Ne5 26. Qe4 Re6 27. Ba1 $6 ({
More tenacious was} 27. h5 Nc4 28. Qc2 Rxe1+ 29. Nxe1 Nxb2 30. Qxb2 Qf5 31. d3
Qxh5 32. b4 {Black is a pawn up, but the game goes on.}) 27... Ng4 28. Qd3 Ne5
29. Qe4 g6 $2 {This inaccurate move could have spoiled the lion's part of
advantage.} ({Much better was} 29... Ba5 $1 30. Re2 Nc4 31. Qg4 h5 $1 {, and
Black is winning:} 32. Qxh5 Nxd2 33. Qg4 (33. Bxd4 Rxe2 34. Qxe2 Qxd4 $19)
33... Qc6 34. Ne1 Bc3 35. Rxe6 fxe6 $19) 30. Rf1 $2 {At his turn, Anish
continues to play passively.} ({After} 30. h5 $1 gxh5 31. Qf5 Qe7 32. Kf1 $15 {
the major part of White's problems would be solved.}) 30... f5 ({Stronger was} 
30... Qc6 $1 31. Qxc6 Rxc6 32. Rd1 Rc2 {with a full domination in the arising
endgame.}) 31. Qf4 Qd5 32. f3 $2 {White cannot afford exposing the king this
way.} ({Necessary was} 32. Ne1 h5 33. Bb2 $17) 32... Kg7 {The lack of
coordination between White's pieces makes Anish's position lost. However, the
practical task wasn't easy for Grandmaster from China.} 33. g4 {Perhaps, the
best practical try!} Rf6 {This is the first step in a wrong direction.} (33...
Nd3 $1 34. Qb8 Qc6 35. gxf5 gxf5 $19 {, and White is almost paralyzed.}) 34. g5
hxg5 35. hxg5 Re6 $6 {Another inaccuracy.} ({After} 35... Rc6 $1 36. Ne3 Qd6
37. Re1 Nd3 38. Qxd6 Rxd6 {Black should be able to win.}) 36. Qg3 Nd3 37. Nf4 {
The exchange of knights definitely favors White, who desperately lacks space.
Still, the situation is critical.} Nxf4 38. Qxf4 Kf7 39. Qh4 Ke7 40. Qh7+ $2 {
Premature activity.} (40. d3 $142 Re2 41. Re1 Rxe1+ 42. Qxe1+ Kd7 43. Kg2 $17)
40... Kd6 41. Bb2 f4 42. Kh1 Qxg5 $2 {Luckily for Anish, GM Ding Liren wrongly
chooses the materialistic approach.} ({Instead, the cool-blooded} 42... Bc5 $1
{would allow Black to neutralise any counterplay and keep decent winning
chances.}) 43. Ba3+ Kc6 44. Rc1+ Kb5 45. Qxb7 Qh4+ 46. Kg1 Re1+ ({Of course,
not} 46... d3+ $4 47. Rc5#) 47. Rxe1 Qxe1+ 48. Kg2 Qxd2+ 49. Kh3 Qc2 50. Qd5+
Ka6 51. Bd6 $1 {The only, but sufficient.} Qc8+ 52. Kg2 Qc2+ 53. Kh3 Qc1 54.
Kg4 $2 {Suddenly, Ding Liren gets another chance!} ({After} 54. Kg2 $11 {
White would be safe.}) 54... Qg1+ 55. Kxf4 Qh2+ 56. Kg4 ({Hopeless was} 56. Ke4
Qc2+ 57. Kf4 d3 58. Bb4 Qh2+ 59. Ke4 Qh4+ 60. Kxd3 Qxb4 $19) 56... Qh5+ $1 {
Liquidating into a winning bishop endgame.} 57. Qxh5 gxh5+ 58. Kxh5 d3 {
The d-passer should decide the game, but...} 59. Bf4 Ba5 60. Kg4 Kb5 61. Kf5 d2
62. Bxd2 Bxd2 63. f4 Kb4 64. Ke4 Kc5 $2 {Luckily for Anish, Black is
committing a very unusual mistake, so the game ventually ends in a draw.} ({
For some reasons, GM Ding Liren rejected the obvious} 64... Ka3 65. f5 a6 66.
Kd3 Bb4 67. Kc2 Kxa2 68. f6 a5 69. f7 Ka3 $19) 65. Ke5 Kc6 66. f5 Bb4 67. Ke6
Ba3 68. f6 a5 69. Kf7 Kd7 ({Or} 69... Kd5 70. Ke8 Kd4 71. f7 Kc3 72. Kd7 Kb2
73. Kc6 Kxa2 74. Kb5 Bb4 75. f8=Q Bxf8 76. Kxa5 $11) 1/2-1/2

[Event "Hastings 9697"]
[Site "Hastings"]
[Date "1996.??.??"]
[Round "8"]
[White "Conquest, Stuart"]
[Black "Rozentalis, Eduardas"]
[Result "0-1"]
[WhiteElo "2585"]
[BlackElo "2610"]
[Annotator "Rozentalis,E"]
[PlyCount "60"]
[EventDate "1996.12.??"]
[EventType "tourn"]
[EventRounds "9"]
[EventCountry "ENG"]
[EventCategory "13"]
[SourceTitle "CBM 057"]
[Source "ChessBase"]
[SourceDate "1997.04.01"]
[SourceVersion "1"]
[SourceVersionDate "1997.04.01"]
[SourceQuality "1"]

1. c4 {Ribli} e6 2. Nc3 Bb4 3. Qb3 (3. e4 {Ribli} Ne7 {wurde von den gleichen
Gegnern im Dezember 1996 gespielt ! Conquest-Rozentalis/EU-Cup f Budapest /
CBM56/}) 3... Ba5 4. Nf3 Nf6 5. d4 d5 {Schwarz spielt ähnlich, wie in der
Ragozin-Variante des Damengambits, deren Plan es ist mit aktivem Figurenspiel
das weiße Zentrum anzugreifen.  Weiß andererseits plant Bg5 und e3 mit starkem
Druck auf den d5-Bauern.Ribli.} 6. Bg5 (6. cxd5 {Ribli} exd5 (6... Qxd5 7. Qxd5
Nxd5 (7... exd5) 8. Bd2 $14) 7. Bg5 $5) 6... dxc4 $146 (6... c6 {
Gulko-Rozentalis, Copenhagen,1996}) (6... c6 {Ribli} 7. e3 Nbd7 8. cxd5 exd5 9.
Bd3 $14 {Gulko,B-Rozentalis,E/Copenhagen PC/1996/}) 7. Qa4+ $2 {Ich glaube,
dies ist ein Fehler. Weiß provoziert den guten Zug Nc6. Dorthin gehört der
Springer aber sowieso. Ribli.} (7. Qxc4 Qd5 8. Qxd5 (8. e3 {Ribli} Ne4 9. Rc1)
8... Nxd5 (8... exd5 {Ribli}) 9. Bd2) 7... Nc6 8. e4 {Ich schlage den weniger
ambitiösen Zug 8.e3 vor, aber meiner Meinung nach, hat der Nachziehende auch
dann, dank seines guten Figurenspiels, gleiche Chancen. Ribli.} Bd7 9. Qxc4 h6
10. Bxf6 (10. Bh4 g5) 10... Qxf6 11. a3 {Für Weiss ist es hinderlich, daß ein
so "normaler" Zug wie 11.Be2 nicht geht. Das zeigt, daß Schwarz die besseren
Aussichten hat. Ich möchte anmerken, daß Weiß mit seiner Dame schon drei(!)
Züge gemacht hat: Qb3-Qa4-Qxc4. Er gewann nur den Bauern zurück. Ribli.} (11.
Be2 b5 (11... Qg6 {Ribli} 12. O-O Bxc3 13. bxc3 Qxe4 $17)) (11. Bd3 {Ribli} b5
12. Qxb5 (12. Qc5 Bb4 13. Qh5 Nxd4 $17) 12... Bxc3+ 13. bxc3 Nxd4 14. Qc4 Nxf3+
15. gxf3 Qxf3 $15) 11... O-O-O $32 12. Be2 g5 (12... Qg6 {Ribli} 13. b4 Bb6) (
12... Bxc3+ $2 {Ribli} 13. Qxc3 Qg6 14. Qe3 Qxg2 15. Rg1 Qh3 16. d5 $16) 13. e5
{Kein Angriffzug !  Nach dem drohenden g5-g4 hängt der Pd4, so daß Weiß nichts
anderes als die Partiefortsetzung ziehen kann. Ribli.} (13. Rd1 {Ribli} g4 14.
Ng1 h5 $17) (13. h3 {Ribli} h5) 13... Qg7 14. O-O $2 {Es war nicht leicht für
Weiß, die Entwicklung zu beenden, und in seiner Stellung gibt es viele
positionelle Schwächen wie den Pd4. Sein Gegner hat gefährliche Initiative
gegen den weißen König.Ribli.} (14. O-O-O $142) 14... Bb6 15. Rad1 (15. Na4
Bxd4 16. Nxd4 Nxe5) 15... g4 16. Ne1 h5 $40 17. Nc2 (17. f4 $2 {Ribli} gxf3 18.
Nxf3 h4 (18... Nxe5 19. Nxe5 Qxe5 20. Rxf7 Bc6 {Mit überlegener Stellung für
Schwarz. Ribli.})) (17. Ne4 $5 {Ribli}) 17... h4 18. Ne4 {[#]} g3 {Ein
typisches, überzeugendes Beispiel zum Thema direkter Angriff gegen den König.
Ribli.} 19. h3 (19. hxg3 {Ribli} hxg3 20. Nxg3 Nxe5 (20... Qh6 $1 21. Rfe1 (21.
Nh5 $142 $17) 21... Qh2+ 22. Kf1 Qh1+) 21. dxe5 Qxg3 $19) 19... Na5 20. Qc3 (
20. Qb4 {Ribli} Bc6 21. Bf3) 20... Ba4 21. Nc5 Bxc2 22. Qxc2 gxf2+ 23. Kh1 (23.
Rxf2 Rxd4 $1 24. Rxd4 Qxe5 $19 {[%cal Yb6c5,Yc5d4,Yd4f2,Yf2g1]}) 23... Nc6 $19
24. Bf3 Nxd4 25. Qe4 (25. Bxb7+ Kb8 26. Qc4 (26. Qe4 {Ribli} Bxc5 {Und der
weiße "Angriff " kommt nicht weiter. Ribli.}) 26... Qxe5) 25... c6 26. Rxd4 (
26. Nxb7 Kxb7 27. Rxd4 Rd5 $1 $19) 26... Bxc5 {Schwarz hat nicht nur zwei
Mehrbauern, sondern auch eine feste Stellung ohne Schwächen.Ribli.} 27. Rc4 Rd5
28. Qc2 Qxe5 29. Re4 (29. Bxd5 Bd6 30. Rxc6+ bxc6 31. Qxc6+ Kd8 32. Qa8+ Bb8)
29... Qd6 30. Rc4 Bb6 {Und Weiß gab in dieser völlig hoffnungslosen Stellung
auf.} 0-1

[Event "Olympiad-43"]
[Site "Batumi"]
[Date "2018.10.04"]
[Round "10.1"]
[White "Matamoros Franco, Carlos S"]
[Black "Sadorra, Julio Catalino"]
[Result "1/2-1/2"]
[WhiteElo "2494"]
[BlackElo "2553"]
[Annotator "Sadorra, Julio"]
[PlyCount "73"]
[EventDate "2018.09.24"]
[EventType "team-swiss"]
[EventRounds "11"]
[EventCountry "GEO"]
[SourceTitle "CBM 187"]
[Source "ChessBase"]
[SourceDate "2018.12.11"]
[SourceVersion "1"]
[SourceVersionDate "2018.12.11"]
[SourceQuality "1"]
[WhiteTeam "Ecuador"]
[BlackTeam "Philippines"]
[WhiteTeamCountry "ECU"]
[BlackTeamCountry "PHI"]

1. c4 e6 2. g3 d5 3. Bg2 Nf6 4. Nf3 d4 $5 {Going for a Benoni structure as my
showed that he never played the Benoni as Black.} 5. O-O c5 6. e3 Nc6 7. exd4
cxd4 8. d3 Bd6 9. Bg5 h6 10. Bxf6 Qxf6 11. Nbd2 Qd8 12. a3 a5 {My opponent
never had a game in this reversed Benoni set-up, but I sensed that he may have
prepared this line in his Reti repertoire as he was playing next moves
comfortably and at a good pace.} 13. Rc1 O-O 14. c5 Be7 15. Qa4 $5 ({The other
way of playing, which I was expecting, was} 15. Re1 Bd7 16. Ne4 Qc7 17. Nfd2
Ne5 $1 (17... b5 $6 18. cxb6 Qxb6 19. Nc4 Qb8 20. Qh5 e5 21. Ned2 $36 {1-0 (40)
Vachier Lagrave,M (2811)-Antic,D (2455) Novi Sad 2016}) 18. Qe2 {with a
complex Benoni game.}) 15... Ra7 (15... Ra6 16. Rfe1 Qc7 17. Ne4 Rd8 18. Nfd2
b6 19. cxb6 Qxb6 20. Rxc6 Qxc6 21. Nf6+ {1-0 (21) Martinovic,S (2551)-Lodici,L
(2402) Karlsruhe 2017}) 16. Rfe1 Qd7 {preparing rook to d8 and only then
untangling with Qc7 and Bd7.} ({During the game, I was also considering} 16...
Bd7 $5 $146 17. Nxd4 Nxd4 18. Qxd4 {but I didn't see the main idea behind it}
Bb5 $1 (18... Bf6 19. Qe3 Bxb2 $4 20. Rc2 $18 {[%cal Rc5c6]}) 19. Qxd8 (19. Qg4
Qxd3 20. Nf3 Bf6) 19... Rxd8 20. Red1 (20. Ne4 Bxd3 21. Red1 Bxe4 22. Rxd8+
Bxd8 23. Bxe4 a4 $11) 20... Kf8 $1 {This is it. Black doesn't really have to
take the pawn back and just have to secure control of d4.} (20... Bxd3 21. Nc4
$36) (20... Rxd3 21. Bf1) 21. Ne4 Rd4 $44) (16... Qc7 $2 17. Nxd4 Nxd4 18. Qxd4
Rd8 19. Qe3) 17. Qb5 (17. Rc4 Rd8 18. Qc2 $1 $36 {with the idea of b4 after
which I will be suffering more.}) 17... Qc7 18. Nc4 $1 ({If} 18. b4 {I was
intending} axb4 19. axb4 Ra3 (19... Ra6 20. Qc4 Ra4) 20. Qc4 Ra4 $5 $132 (20...
e5) 21. Rb1 e5 $11) 18... a4 19. Qb6 Qb8 20. Nfe5 Nxe5 21. Nxe5 Ra6 22. Qb5 $6
{Surprisingly, this is the move caused him to lose the advantage.} (22. Qb4 $1
Qa7 23. Re2 $1 (23. Qxd4 Ra5 24. Re2 Rxc5 {and Black can even fight for more
if he wants due to the bishop pair.}) 23... Ra5 24. Rec2 $16 {simply
supporting the anchor on c5 which also cuts off my queen from d4.}) 22... Qa7
$1 {I think he underestimated my counterplay on c5 via this square which also
enables my rook to joing the game.} 23. c6 {Here, I had a choice between two
rook moves so I stopped to compare the two.} Ra5 {I went for this because it
was natural and safer.} (23... Rb6 $1 {is the correct choice, but a key idea
had to be seen beforehand in order to be convinced that it's better.} 24. Qc4
Rxb2 25. cxb7 Bxb7 26. Qc7 {and I thought this was dangerous due to the pin
and I didn't see any counter-tactics to compensate for allowing this.} Bxa3 27.
Nc4 {[#] But here what I missed a very strong retreat move:} Qa8 $3 $19 {
which immediately wins for Black!} 28. Bf1 (28. Bxb7 Rxb7) (28. Be4 Bxe4 29.
Rxe4 Rb7) (28. Nxb2 Bxg2 29. Nxa4 Bxc1) 28... Rb3 29. Nxa3 Rxa3 $19) 24. Qc4 {
This was another critical moment for me.} b5 $6 {I chose this for the wrong
reason-- that I'd be able to create counterplay on the queenside in the future.
} ({Of course I first analysed the very forcing line starting with} 24... Rc5
25. Qxd4 Rxc1 26. Qxa7 Rxe1+ 27. Bf1 Rxe5 28. cxb7 Bxb7 29. Qxb7 {I assessed
this as equal with some risk for Black due to the weak pawn on a4.
Unfortunately, I didn't study the ensuing positions carefully enough. The best
analyst proves it's other way around:} Bf6 ({I leaned more towards} 29... Bc5
30. Kg2 (30. Qd7 Rf5) 30... Rf5 31. f4 {I stopped here but} g5 $1 {give Black
a good start on a kingside attack.}) 30. Qc6 Re1 $1 31. Kg2 (31. Qxa4 Rc8 32.
Kg2 Rcc1 (32... g5 $1 33. d4 Rcc1 34. Ba6 g4 $19) 33. Qe8+ Kh7 34. Qxf7 Rxf1
35. Qxe6 Rg1+ 36. Kh3 Rc5) 31... Bxb2 32. Qxa4 Bf6 {Black can press with rooks
and bishop, with almost no risk.}) 25. Qc2 Qc7 26. Qe2 b4 27. Nc4 Rb5 28. Qd1
bxa3 (28... b3 {is clearly not why I went for b7-b5.}) 29. bxa3 Rb3 30. Rb1 $1
{I realized that I underestimated this move.} Rxb1 (30... Rc3 31. Qxa4 Rxd3 32.
Red1 $16) 31. Qxb1 Ba6 32. Qc2 ({I was hoping for him to go "active" with} 32.
Qb6 Qxb6 33. Nxb6 Rb8 34. Nxa4 Bd6 $1 $15 {[%csl Ra3,Rd3] which gives me a
good chance to slowly take over owing to my superior pieces and his weak pawns,
despite being a pawn down.}) 32... Bb5 {From here we played the best and
forcing moves which eventually fizzled out into a dead draw.} 33. Rb1 Bxc6 34.
Nb6 Rb8 35. Qxc6 Qxc6 36. Bxc6 Bd8 37. Bxa4 {He offered a draw which I
accepted. Even though I wasn't able to capitalize on my very few chances, I
was still satisfied with the result as I was the one defending most of the
time. From the team's perspective, it was also a good result because in the
end our boards 3 and 4 came through with decisive results which won us the
match, and giving us a 5-win-in-a-row comeback!} 1/2-1/2